Heat bondable waterproof rubber sheet (Record no. 60245)

MARC details
000 -LEADER
fixed length control field 00382nam a2200133Ia 4500
100 ## - MAIN ENTRY--AUTHOR NAME
Personal name Sassa T
245 #0 - TITLE STATEMENT
Title Heat bondable waterproof rubber sheet
260 ## - PUBLICATION, DISTRIBUTION, ETC. (IMPRINT)
Name of publisher Proceedings of the International Rubber Conference, Kobe, Japan, 1995; p233-236
650 ## - SUBJECT ADDED ENTRY--TOPICAL TERM
Topical Term EPDM
650 ## - SUBJECT ADDED ENTRY--TOPICAL TERM
Topical Term Waterproof rubber
700 ## - ADDED ENTRY--PERSONAL NAME
Personal name Aoshima M
942 ## - ADDED ENTRY ELEMENTS (KOHA)
Koha item type Journals
Holdings
Withdrawn status Lost status Damaged status Not for loan Home library Current library Shelving location Date acquired Koha item type
      Journals RRII Library RRII Library Rubber chemistry 17/12/2021 Journals